000 00601nam a2200193Ia 4500
005 20250326144955.0
008 250326s9999 xx 000 0 und d
020 _a0-471-71579-4
037 _aTextbook
040 _aFMSL
_beng
_cFMSL
041 _aeng
_2eng
084 _aX8(A):8 P5
_qFMSL
100 _aBirla Madan
_9613015
245 0 _aFed ex delivers: how the world leading shipping company keeps innovating and outperforming the competition
_cBirla Madan
260 _aN.J
_bN.J, John Wiley
_c2002
300 _axxi,215
942 _cTB
_hX8(A):8 P5
999 _c1305867
_d1305867